| 000 | 00000nam##2200000za#4500 |
| 001 | 9.640514 |
| 003 | CaOODSP |
| 005 | 20210624222717 |
| 007 | cr ||||||||||| |
| 008 | 150407|2001||||xxc|||||o f|0| 0 fre|d |
| 040 | |aCaOODSP|bfre |
| 043 | |an-cn--- |
| 086 | 1 |aH39-578/2001F-PDF |
| 110 | 1 |aCanada. |bSanté Canada. |
| 245 | 10|aBarrières linguistiques dans l'accès aux soins de santé / |h[ressource électronique]|cpréparé par Sarah Bowen pour Santé Canada. |
| 260 | |aOttawa - Ontario : |bSanté Canada |cc2001. |
| 300 | |a155p.|bglossaire, références, tableaux |
| 500 | |aLe n° de catalogue (H39-578/2001F) et l'ISBN (0-662-85864-6) de l'édition imprimée ont été incorrectement copiés dans l'édition électronique. |
| 590 | |a12-32-Supp|b2012-07-11 |
| 720 | 1 |aBowen, Sarah |
| 775 | 08|tLanguage barriers in access to health care / |w(CaOODSP)9.696398 |
| 856 | 40|ahttp://publications.gc.ca|qPDF|s2303 Ko|uhttps://publications.gc.ca/collections/collection_2012/sc-hc/H39-578-2001-fra.pdf |